000 00309nam a2200145Ia 4500
100 _aGupta B.P.
942 _cBK
654 _aAlgebra
245 _aAlgebra and trigonometry
260 _bAsia publishing house
_aBombay
_c1967
082 _a512.13
_bGup
300 _a383
546 _aENGLISH
999 _c19092
_d19092